| 000 | 01411cam a2200373 i 4500 | ||
|---|---|---|---|
| 999 |
_c3510 _d3510 |
||
| 001 | 18167330 | ||
| 003 | GZU | ||
| 005 | 20201202083459.0 | ||
| 008 | 140528s2015 enk 001 0 eng | ||
| 010 | _a 2014020680 | ||
| 020 | _a9781118655382 (pbk.) | ||
| 040 |
_aDLC _beng _cDLC _erda _dDLC |
||
| 042 | _apcc | ||
| 050 | 0 | 0 |
_aHD1394 _b.ATK 2014 |
| 082 | 0 | 0 |
_a658.2 _223 |
| 100 | 1 | _aAtkin, Brian. | |
| 240 | 1 | 0 | _aTotal facilities management |
| 245 | 1 | 0 |
_aTotal facility management / _cBrian Atkin The Facilities Society, UK Adrian Brooks GVA Acuity Limited, UK. |
| 250 | _aFourth edition. | ||
| 264 | 1 |
_aSouthern Gate, Chichester, West Sussex, United Kingdom : _bWILEY Blackwell, _c[2015] |
|
| 300 |
_axiii, 390 pages ; _c25 cm |
||
| 336 |
_atext _2rdacontent |
||
| 337 |
_aunmediated _2rdamedia |
||
| 338 |
_avolume _2rdacarrier |
||
| 500 | _aIncludes index. | ||
| 650 | 0 | _aReal estate management. | |
| 650 | 0 | _aFacility management. | |
| 650 | 0 | _aBuilding management. | |
| 700 | 1 | _aBrooks, Adrian. | |
| 776 | 0 | 8 |
_iOnline version: _aAtkin, Brian. _tTotal facility management _bFourth edition. _dSouthern Gate, Chichester, West Sussex, United Kingdom : John Wiley & Sons Inc., [2014] _z9781118655450 _w(DLC) 2014021530 |
| 906 |
_a7 _bcbc _corignew _d1 _eecip _f20 _gy-gencatlg |
||
| 942 |
_2lcc _cBK _h1394 _iATK _kHD |
||